[Event "SRB-chT 1st League Women 2018"]
[Site "Zajecar"]
[Date "2018.09.07"]
[Round "8"]
[White "Dimitrijevic, Andjela"]
[Black "Benderac, Ana"]
[Result "0-1"]
[WhiteElo "1736"]
[BlackElo "2239"]
[Annotator "NA"]
[PlyCount "82"]
[EventDate "2018.08.31"]
[EventType "team-tourn"]
[EventCountry "SRB"]
[SourceTitle "playchess.com"]
[Source "ChessBase"]
[SourceQuality "1"]
[TimeControl "40/5400+30:1800+30"]

1. e4 {[%emt 0:00:00]} d6 {[%emt 0:00:00]} 2. d4 {[%emt 0:00:02]} g6 {[%emt 0:00:00]} 3. Nc3 {[%emt 0:04:44]} Bg7 {[%emt 0:00:00]} 4. h3 {[%emt 0:02:05]} c6 {[%emt 0:00:43]} 5. a4 {[%emt 0:02:14]} Nd7 {[%emt 0:01:08]} 6. Nf3 {[%emt 0:01:32]} Qc7 {[%emt 0:01:40]} 7. Be2 {[%emt 0:07:43]} Ngf6 {[%emt 0:00:51]} 8. Be3 {[%emt 0:04:53]} O-O {[%emt 0:00:58]} 9. O-O {[%emt 0:00:26]} e5 {[%emt 0:02:59]} 10. dxe5 {[%emt 0:09:41]} dxe5 {[%emt 0:00:27]} 11. Qb1 {[%emt 0:10:18]} Re8 {[%emt 0:08:40]} 12. Qa2 {[%emt 0:05:56]} Nf8 {[%emt 0:07:44]} 13. Bc4 {[%emt 0:05:46]} Ne6 {[%emt 0:05:24]} 14. Ng5 {[%emt 0:10:31]} Nxg5 {[%emt 0:06:17]} 15. Bxg5 {[%emt 0:01:28]} h6 {[%emt 0:00:39]} 16. Be3 {[%emt 0:00:54]} Nh5 {[%emt 0:03:09]} 17. Rfd1 {[%emt 0:12:51]} Bf8 {[%emt 0:05:40]} 18. Rd2 {[%emt 0:06:14]} Nf4 {[%emt 0:03:33]} 19. Rad1 {[%emt 0:02:04]} Ne6 {[%emt 0:06:22]} 20. Ne2 {[%emt 0:02:26]} Kg7 {[%emt 0:05:04]} 21. c3 {[%emt 0:01:23]} a5 {[%emt 0:09:09]} 22. Ng3 {[%emt 0:05:05]} h5 {[%emt 0:03:48]} 23. Ne2 {[%emt 0:02:02]} Nc5 {[%emt 0:07:12]} 24. f3 {[%emt 0:00:16]} Qe7 {[%emt 0:03:22]} 25. Nc1 {[%emt 0:00:56]} Ne6 {[%emt 0:05:43]} 26. Nd3 {[%emt 0:00:16]} f6 {[%emt 0:00:13]} 27. Kh1 {[%emt 0:00:49]} g5 {[%emt 0:00:34]} 28. Nf2 {[%emt 0:00:32]} Nf4 {[%emt 0:04:51]} 29. Nd3 {[%emt 0:00:37]} Ne6 {[%emt 0:03:52]} 30. g4 {[%emt 0:00:12]} h4 {[%emt 0:03:59]} 31. Kg2 {[%emt 0:00:10]} Qc7 {[%emt 0:00:13]} 32. Kh1 {[%emt 0:00:32]} b6 {[%emt 0:00:18]} 33. Kh2 {[%emt 0:00:39]} Rb8 {[%emt 0:00:20]} 34. Bb3 {[%emt 0:00:54]} Bd6 {[%emt 0:01:09]} 35. Qa1 {[%emt 0:00:29]} Nd4 {[%emt 0:00:22]} 36. Bxd4 {[%emt 0:00:30]} exd4+ {[%emt 0:00:02]} 37. Kh1 {[%emt 0:00:32]} dxc3 {[%emt 0:01:04]} 38. bxc3 {[%emt 0:00:05]} Be7 {[%emt 0:00:43]} 39. Qa2 {[%emt 0:00:52]} Qg3 {[%emt 0:00:14]} 40. Ne1 {[%emt 0:00:00]} Qxh3+ {[%emt 0:00:00]} 41. Rh2 {[%emt 0:03:06]} Qf1# {[%emt 0:01:38]} 0-1

[Event "SRB-chT 1st League Women 2018"]
[Site "Zajecar"]
[Date "2018.09.08"]
[Round "9"]
[White "Zimina, Olga"]
[Black "Bojkovic, Natasa"]
[Result "1-0"]
[WhiteElo "2421"]
[BlackElo "2384"]
[Annotator "TA"]
[PlyCount "79"]
[EventDate "2018.08.31"]
[EventType "team-tourn"]
[EventCountry "SRB"]
[SourceTitle "playchess.com"]
[Source "ChessBase"]
[SourceQuality "1"]

{[%evp 32,79,77,79,64,65,116,114,132,122,135,131,175,128,172,114,174,155,190,170,180,187,190,187,208,172,175,172,175,175,162,175,165,171,290,316,325,318,348,379,757,774,900,896,29968,9297,2491,1621,1534,1506]} 1. d4 Nf6 2. c4 e6 3. g3 d5 4. Bg2 Be7 5. Nf3 O-O 6. O-O dxc4 7. Qc2 a6 8. a4 Bd7 9. Rd1 Bc6 10. Nc3 {[%cal Bb1c3,Bc3e4,Be4c5][%mdl 32]} Bxf3 11. Bxf3 Nc6 12. Bxc6 bxc6 13. Bg5 {E05: Open Catalan: 5 Nf3 Be7} Nd5 (13... Rb8 14. e3 c5 15. dxc5 Qe8 16. Rd4 Nd7 17. Bxe7 Qxe7 18. c6 Ne5 19. Qe4 Qc5 20. Nd5 Nd3 21. Nxc7 Nxf2 22. Kxf2 Rxb2+ {0-1 (31) Xiong,J (2674)-So,W (2822) Saint Louis 2017 CBM 178 [Yermolinsky,A]}) 14. Bxe7 Qxe7 15. Ne4 Qb4 16. Rdc1 Rfb8 17. Ra2 {[#] LiveBook: 6 Games} c3 $146 ({Predecessor:} 17... e5 18. dxe5 Qe7 19. Qxc4 Qxe5 20. Nc5 Rb4 21. Qc2 {½-½ (21) Khalifman,A (2622)-Zhigalko,S (2587) Budva 2009}) 18. bxc3 Qc4 (18... Qe7 $14) 19. a5 $1 $16 Nf6 {[#] White must now prevent ...Nxe4.} 20. Nc5 $1 Qd5 21. Rb2 Qh5 22. Rcb1 Rd8 23. Kg2 (23. Qa4 $18) 23... e5 (23... Nd7 $16 {is a better defense.}) 24. e3 exd4 25. cxd4 (25. exd4 $6 Qd5+ 26. Kg1 Nd7 $16) 25... Qd5+ 26. Kg1 Re8 27. Rb7 Rac8 28. Qd3 h5 29. Qxa6 {Qf1 is the strong threat.} Ra8 30. Ra7 Rxa7 31. Qxa7 h4 {[#]} 32. Qa6 $1 ({Not} 32. gxh4 Qf5 $11) ({Don't take} 32. Qxc7 $6 h3 $11) 32... Nh7 (32... Qa2 {might work better.} 33. Rc1 Qd2) 33. gxh4 $18 Qa2 34. Rb7 Qa1+ 35. Kg2 Qd1 $2 (35... Nf6 36. Qxc6 (36. Rxc7 Qd1 $11) 36... Qxa5 37. Qxc7 Qa2) 36. h3 Nf8 37. Qxc6 Re7 38. Rb8 Rxe3 39. fxe3 Qe2+ 40. Kh1 {Precision: White = 82%, Black = 34%.} 1-0

[Event "SRB-chT 1st League Women 2018"]
[Site "Zajecar"]
[Date "2018.09.08"]
[Round "9"]
[White "Nechaeva, Marina"]
[Black "Atalik, Ekaterina"]
[Result "1-0"]
[WhiteElo "2419"]
[BlackElo "2447"]
[Annotator "TA"]
[PlyCount "59"]
[EventDate "2018.08.31"]
[EventType "team-tourn"]
[EventCountry "SRB"]
[SourceTitle "playchess.com"]
[Source "ChessBase"]
[SourceQuality "1"]

{[%evp 11,59,-30,-2,-15,-12,-18,27,28,27,36,47,47,47,47,56,58,64,39,46,45,61,51,73,42,47,50,45,45,60,47,186,167,184,164,176,180,251,251,251,237,456,433,581,559,939,917,1249,889,1260,1230]} 1. d4 Nf6 2. c4 g6 3. Nc3 d5 4. e3 Bg7 5. Nf3 O-O 6. Bd2 e6 {LiveBook: 46 Games} 7. Bd3 {D94: Grünfeld: 4 Nf3 Bg7 5 e3} (7. Rc1 b6 8. cxd5 exd5 9. b4 c6 10. Be2 Bb7 11. O-O Nbd7 12. Qb3 Qe7 13. Rfd1 Rfd8 14. a4 Rab8 15. Be1 Ba8 {½-½ (39) Bu,X (2718)-Li,C (2725) Ningbo 2018}) 7... dxc4 8. Bxc4 Nc6 9. O-O {White has an edge.} Nd7 $146 ({Predecessor:} 9... b6 10. Qa4 Bb7 11. Ba6 Qc8 12. Bxb7 Qxb7 13. Rac1 Ne7 14. Rfd1 Rfd8 15. Ne5 c5 16. Nf3 {0-1 (24) Gerencer,J (2060)-Szeberenyi,A (2317) Hungary 2011}) 10. Qe2 e5 {[%cal Re5d4]} 11. d5 Ne7 12. e4 Nb6 13. Bb3 Bg4 14. h3 Bxf3 15. Qxf3 c6 16. Bg5 $36 {[%mdl 2048] White fights for an advantage.} h6 17. Be3 cxd5 18. Nxd5 Nbxd5 19. Rfd1 {[%cal Rb3d5]} b6 20. Qe2 Nc3 (20... Qd6 $14) 21. bxc3 $18 Qc7 22. Rd3 Rad8 23. Rad1 {[%cal Ba1d1,Bd1d3,Bd3d7][%mdl 32]} Nc6 {[#]} (23... h5 {is a better defense.} 24. Bg5 Kh7 25. Rxd8 Rxd8 26. Rxd8 (26. Bxf7 Rxd1+ 27. Qxd1 Bh6 $18) 26... Qxd8 27. Bxf7 Qd6) 24. Qg4 $1 Rxd3 25. Rxd3 Na5 $2 {[#]} (25... Rd8) 26. Rd7 $1 {[%cal Rd7c7] White is clearly winning.} Qxc3 27. Bd5 {aiming for Qxg6.} Nc4 {[#]} 28. Bxh6 $1 {[%mdl 512] White wants to mate with Qxg6.} Qe1+ (28... Bxh6 29. Qxg6+) 29. Kh2 {Threatening mate with Qxg6.} Qxf2 30. Qxg6 $1 {Precision: White = 82%, Black = 50%.} 1-0

[Event "SRB-chT 1st League Women 2018"]
[Site "Zajecar"]
[Date "2018.09.08"]
[Round "9"]
[White "Gaponenko, Inna"]
[Black "Kovacevic, Radmila"]
[Result "1-0"]
[WhiteElo "2410"]
[BlackElo "2144"]
[Annotator "TA"]
[PlyCount "83"]
[EventDate "2018.08.31"]
[EventType "team-tourn"]
[EventCountry "SRB"]
[SourceTitle "playchess.com"]
[Source "ChessBase"]
[SourceQuality "1"]

{[%evp 12,83,50,43,67,45,64,53,70,64,80,53,73,69,81,64,72,70,96,114,135,64,78,78,132,0,6,0,1,-1,45,8,29,29,24,23,63,68,97,89,114,24,24,0,80,77,76,76,65,65,87,96,288,391,391,359,257,254,434,459,439,404,454,458,937,180,170,180,189,141,1307,1312,1659,1547]} 1. e4 g6 2. d4 Bg7 3. Nc3 d5 4. exd5 Nf6 5. Bc4 Nbd7 6. Bg5 {B06: Modern Defence} O-O 7. Bb3 {LiveBook: 9 Games} a6 $146 ({Predecessor:} 7... Nb6 8. Nf3 a5 9. a4 Nbxd5 10. Nxd5 Nxd5 11. O-O h6 12. Bh4 Bg4 13. h3 Bxf3 14. Qxf3 {½-½ (34) Straka,Z (2553)-Makovsky,P (2476) ICCF email 2013}) 8. a4 {White is slightly better.} h6 9. Bh4 Nb6 {[%cal Rf6d5]} 10. Bxf6 exf6 11. Nge2 Bg4 12. f3 Bd7 13. O-O f5 14. Nf4 Qg5 15. Nce2 Rae8 16. Qc1 (16. Rf2 $16) 16... h5 17. c4 Qh6 (17... Bc8 $142) 18. c5 (18. h4 $16) 18... g5 $11 19. Ne6 $1 {[%cal Re6f8]} fxe6 20. cxb6 c6 21. d6 Kh8 22. f4 $36 {[%mdl 2048] White has some pressure.} g4 23. Qc5 h4 24. Rad1 Rg8 25. Nc1 {[%cal Be2c1,Bc1d3,Bd3e5][%mdl 32]} Qf6 26. Qe5 (26. Kh1 $16) 26... Qd8 27. Qc5 Bf8 (27... Qf6 $1 $11) 28. Nd3 $16 Rg7 29. Ne5 Bc8 30. Nc4 Kh7 31. Rfe1 Rd7 $2 {[#]} (31... Qd7 $16 {was necessary.}) 32. Rxe6 $1 $18 Rxe6 33. Qxf5+ Rg6 {Hoping for ...Qf6.} 34. Bc2 Rdxd6 $2 {[#]} (34... Qe8 {keeps fighting.} 35. Ne5 Rdxd6 36. Qh5+ Bh6) 35. Qf7+ $1 Bg7 36. Ne5 Kh6 {Strongly threatening ...Rgf6.} 37. Bxg6 Rf6 (37... Qf8 $142 38. Bd3 Rf6) 38. Qc7 $2 (38. f5 Qf8 39. Nxg4+ Kg5 40. Nxf6 Qxf7 41. Ne4+ Kf4 42. Bxf7 Bxf5 43. Nd6) 38... Qxc7 39. bxc7 {Threatens to win with f5!} Rxf4 40. Be8 {g3 is the strong threat.} Bxe5 $4 {[%mdl 8192]} (40... Kh7 $16 41. Bg6+ Kh6) 41. dxe5 Rf8 42. Rd8 {Precision: White = 68%, Black = 22%.} 1-0

[Event "SRB-chT 1st League Women 2018"]
[Site "Zajecar"]
[Date "2018.09.08"]
[Round "9"]
[White "Velikic, Adela"]
[Black "Manakova, Maria"]
[Result "1/2-1/2"]
[WhiteElo "2339"]
[BlackElo "2242"]
[Annotator "NA"]
[PlyCount "72"]
[EventDate "2018.08.31"]
[EventType "team-tourn"]
[EventCountry "SRB"]
[SourceTitle "playchess.com"]
[Source "ChessBase"]
[SourceQuality "1"]
[TimeControl "40/5400+30:1800+30"]

1. e4 {[%emt 0:00:00]} e6 {[%emt 0:00:19]} 2. d3 {[%emt 0:00:00]} c5 {[%emt 0:01:34]} 3. Nf3 {[%emt 0:00:00]} Nc6 {[%emt 0:00:09]} 4. g3 {[%emt 0:00:03]} g6 {[%emt 0:03:40]} 5. Bg2 {[%emt 0:00:09]} Bg7 {[%emt 0:00:05]} 6. O-O {[%emt 0:00:19]} Nge7 {[%emt 0:00:30]} 7. Re1 {[%emt 0:02:25]} d6 {[%emt 0:00:40]} 8. c3 {[%emt 0:02:32]} O-O {[%emt 0:01:02]} 9. Be3 {[%emt 0:08:11]} h6 {[%emt 0:02:16] A04: Unusual lines after 1 Nf3 and King's Indian Attack} 10. d4 {[%emt 0:16:36]} cxd4 {[%emt 0:01:03]} 11. Nxd4 {[%emt 0:02:30]} Ne5 {[%emt 0:05:29]} 12. Na3 {[%emt 0:05:58]} d5 $146 {[%emt 0:17:17]} ({Predecessor:} 12... a6 13. Qe2 Nd7 14. Rad1 Qc7 15. c4 Kh7 16. Rc1 Rb8 {½-½ (59) Dueball,J (2445)-Dubeck,M Germany 1980}) 13. f4 {[%emt 0:11:02]} N5c6 {[%emt 0:01:12]} 14. Nxc6 {[%emt 0:03:32]} bxc6 {[%emt 0:00:44]} 15. Bc5 {[%emt 0:02:53]} Rb8 {[%emt 0:08:38]} 16. Rb1 {[%emt 0:06:16]} Rb7 {[%emt 0:00:10]} 17. Qa4 {[%emt 0:05:09]} Bd7 {[%emt 0:13:31]} 18. Kh1 {[%emt 0:03:21]} Re8 {[%emt 0:00:24]} 19. Bf1 {[%emt 0:11:06]} e5 {[%emt 0:08:03]} 20. Ba6 {[%emt 0:04:29]} Rb8 {[%emt 0:01:38]} 21. fxe5 {[%emt 0:04:01]} Bxe5 {[%emt 0:00:41]} 22. exd5 {[%emt 0:05:55]} (22. Bf1 $11) 22... cxd5 {[%emt 0:11:46]} 23. Qh4 {[%emt 0:01:18]} Nf5 {[%emt 0:07:08]} (23... g5 $17 24. Qxh6 Nf5) 24. Qxd8 $11 {[%emt 0:00:05]} Rbxd8 {[%emt 0:00:03]} 25. Bb7 {[%emt 0:00:34]} d4 {[%emt 0:04:46]} 26. Nc4 {[%emt 0:02:09]} Bf6 {[%emt 0:01:08]} 27. g4 {[%emt 0:01:59]} Nh4 {[%emt 0:00:33]} 28. Rxe8+ {[%emt 0:00:43]} Rxe8 {[%emt 0:00:24]} 29. Rf1 {[%emt 0:00:41]} Bxg4 {[%emt 0:07:17]} 30. Nd6 {[%emt 0:00:02]} Re2 {[%emt 0:00:34]} 31. h3 {[%emt 0:00:53]} d3 {[%emt 0:01:36]} 32. Ne4 {[%emt 0:00:30]} Be5 {[%emt 0:00:28]} 33. hxg4 {[%emt 0:00:29]} Rh2+ {[%emt 0:00:21]} 34. Kg1 {[%emt 0:00:01]} Rg2+ {[%emt 0:00:10]} 35. Kh1 {[%emt 0:00:02]} Rh2+ {[%emt 0:00:34]} 36. Kg1 {[%emt 0:00:01]} Rg2+ {[%emt 0:00:16]} 1/2-1/2

[Event "SRB-chT 1st League Women 2018"]
[Site "Zajecar"]
[Date "2018.09.08"]
[Round "9"]
[White "Eric, Jovana"]
[Black "Milutinovic, Stefana"]
[Result "1/2-1/2"]
[WhiteElo "2261"]
[BlackElo "2149"]
[Annotator "TA"]
[PlyCount "178"]
[EventDate "2018.08.31"]
[EventType "team-tourn"]
[EventCountry "SRB"]
[SourceTitle "playchess.com"]
[Source "ChessBase"]
[SourceQuality "1"]

{[%evp 20,178,42,44,25,-39,-47,-47,-47,-41,-36,-47,-40,-34,-50,-48,-34,-34,-31,-31,-27,-25,0,-14,-13,-40,-41,-38,-50,-46,-36,-66,-39,-34,-34,-38,-34,-40,-39,-50,-44,-63,-42,-58,0,-52,-47,-157,-51,-42,-51,-87,-65,-128,-91,-91,-82,-119,-104,-173,-133,-113,-108,-169,-167,-164,-174,-175,-166,-163,-133,-125,-133,-136,-137,-165,-157,-149,-144,-243,-184,-199,-164,-241,-243,-237,-227,-306,-298,-290,-235,-274,-184,-331,-326,-391,-389,-617,-576,-1126,-591,-554,0,-1044,-236,-242,-247,-277,-275,-257,-144,-408,-399,-364,0,-214,-200,-195,0,-174,0,-416,-411,-483,-446,-512,-521,-453,-106,-117,-116,-134,0,0,0,0,0,0,0,0,0,0,0,0,0,0,727,508,5057,8,8,0,0,0,0,0,0,0,0,0,0]} 1. e4 c5 2. Nf3 d6 3. d4 cxd4 4. Nxd4 Nf6 5. Nc3 a6 6. g3 e6 7. Bg2 Be7 8. O-O O-O 9. Be3 Qc7 10. g4 Nfd7 {B80: Sizilianisch (Scheveninger System)} (10... Re8 11. g5 Nfd7 12. f4 Bf8 13. h4 Nc6 14. h5 Nxd4 15. Qxd4 b5 16. Rad1 Bb7 17. Qd2 Rad8 18. Qf2 {0-1 (36) Muzychuk,M (2554)-Bruzon Batista,L (2666) Gibraltar 2016}) 11. f4 {LiveBook: 3 Partien} Nc6 12. Qe2 $146 (12. g5 $11) ({Vorgänger:} 12. a4 Nb6 13. b3 Bd7 14. Nde2 Rac8 15. g5 Rfe8 16. Qe1 Nb4 17. Qf2 Na8 18. Rac1 {0-1 (39) Vladila,A (2086)-Apostoaie,L (2086) Baile Tusnad 2000}) 12... Nxd4 $15 {Schwarz steht etwas besser.} 13. Bxd4 b5 14. a3 Bb7 15. Rad1 e5 16. Be3 exf4 17. Bxf4 Ne5 18. Nd5 Bxd5 19. Rxd5 Rac8 20. c3 Qc4 21. Qd1 Rc5 22. Rd2 (22. Bxe5 {seems wilder.} dxe5 23. Qd3 Qxd3 24. Rxd3 Rd8 25. Rd5) 22... Qe6 23. h3 Nc4 24. Re2 h6 25. Bg3 Bg5 26. Bf2 Rcc8 27. Bd4 Rce8 28. Qe1 Ne5 {[%cal Bc4e5,Be5g6,Bg6f4,Bf4e6,Be6g5][%mdl 32]} 29. Qg3 Ng6 30. Bh1 Bh4 31. Qf3 Bg5 (31... Ne5 $15 32. Qe3 Rc8) 32. Ree1 (32. Qg3 $11) 32... Bf4 33. h4 ({Lieber} 33. Bg2 $15) 33... Be5 (33... Bd2 $17 34. Rd1 Nxh4) 34. h5 Nf4 35. Rd1 Qc4 36. Rd2 (36. Qe3 $1 $15 Ne2+ 37. Kf2 Nxd4 38. cxd4) 36... Bxd4+ 37. cxd4 Ne6 38. Qe3 Ng5 39. Re1 (39. Rd3 $17 {war einen Versuch wert.}) 39... Re7 40. Qg3 Rfe8 {[%cal Rg5e4]} 41. b3 (41. e5 $17) 41... Qc8 $19 {[%cal Rg5e4]} 42. Rde2 Rc7 43. Re3 Rc1 44. Bg2 Rxe1+ 45. Rxe1 Qd7 46. Qf4 Ne6 47. Qf5 Qc7 48. Qf2 Qc3 49. d5 (49. Qe3 $17 Qb2 50. Rf1) 49... Ng5 50. Qe3 Qe5 51. a4 (51. Rf1 $142) 51... bxa4 52. bxa4 Nh7 53. Rd1 Nf6 54. Qf3 Nxe4 55. Rf1 Ng5 56. Qd3 (56. Qf4 {ist wohl besser.}) 56... a5 57. Rb1 Qf4 58. Qd1 (58. Qf5 $142 Qxa4 59. Kh1) 58... Qg3 59. Kh1 Qh4+ 60. Kg1 Qg3 (60... Kh8 $142 61. Rc1 Nh3+ 62. Bxh3 Qxh3) 61. Kh1 Nh3 $2 (61... Ne4 {( -> ...Sf2+)} 62. Qf3 Qh4+ 63. Kg1 Nd2) 62. Qf3 Re1+ 63. Rxe1 Qxe1+ 64. Kh2 {[#]} Ng5 (64... Nf2 $1 $19 65. Qf4 {[#]} Qe3 $1 {[%mdl 512]}) 65. Qb3 $2 {[%mdl 8192]} (65. Qf4 $17 {war nötig.}) 65... Qh4+ 66. Kg1 Qe1+ (66... Qxg4 $142 67. Qc3 Qxa4 68. Qc8+ Kh7 69. Qf5+ Kg8 70. Qc8+ Kh7 71. Qf5+ g6 72. hxg6+ fxg6) 67. Kh2 Qe5+ 68. Kh1 Qe1+ 69. Kh2 Qh4+ $2 (69... Qa1 70. Qc4 Qe5+ 71. Kg1 Qe1+ 72. Kh2 Qh4+ 73. Kg1 Qe1+ 74. Kh2 Qe5+ 75. Kh1 Qe1+ 76. Kh2) 70. Kg1 Qxg4 71. Qb8+ Kh7 72. Qxd6 Nh3+ 73. Kh2 Qf4+ $2 (73... Nf4 $19 {[%csl Gf4][%cal Rg4g2] ist viel giftiger.} 74. Bf1 Qxh5+ 75. Kg1 Qg5+ 76. Kf2 Nxd5) 74. Qxf4 $17 Nxf4 {[%mdl 4096] Endspiel KL-KS} 75. d6 Ne6 ({Günstiger ist} 75... Kg8 $17 {Und weiter mit ...Kf8 wäre nett.} 76. Bf3 Kf8) 76. Bh3 $11 {Beabsichtigt Lxe6 und Matt.} Nd8 {Droht stark ...Sb7.} 77. Kg3 Nb7 78. d7 Kg8 $1 {[%cal Rg8f8]} 79. Kf4 Kf8 {Droht ...Ke7 und aus.} 80. Ke5 Ke7 {Weiss muss nun ...Sc5 beachten.} 81. Kd5 {Droht Kc6.} Nd8 $1 82. Kc5 g6 $2 {[%mdl 8192]} (82... Ne6+ $11 83. Kb6 Nf4) 83. Kb6 gxh5 (83... Kd6 $142 84. Kxa5 Kc5) 84. Kc7 $2 (84. Kxa5 $18 Nc6+ 85. Kb5) 84... f6 {Die Stellung ist ausgeglichen.} 85. Bf5 h4 86. Bh3 Nf7 87. Bf5 Nd8 88. Bh3 Nf7 89. Bf5 Nd8 {Precision: Weiß = 38%, Schwarz = 58%.} 1/2-1/2

[Event "SRB-chT 1st League Women 2018"]
[Site "Zajecar"]
[Date "2018.09.08"]
[Round "9"]
[White "Voiska, Margarita"]
[Black "Ambartsumova, Karina"]
[Result "1-0"]
[WhiteElo "2241"]
[BlackElo "2386"]
[Annotator "ChessBase"]
[PlyCount "67"]
[EventDate "2018.08.31"]
[EventType "team-tourn"]
[EventCountry "SRB"]
[SourceTitle "playchess.com"]
[Source "ChessBase"]
[SourceQuality "1"]
[TimeControl "40/5400+30:1800+30"]

1. e4 {[%emt 0:01:04]} c5 {[%emt 0:01:04]} 2. c4 {[%emt 0:00:22]} Nc6 {[%emt 0:03:17]} 3. Nc3 g6 {[%emt 0:06:05]} 4. g3 {[%emt 0:02:02]} Bg7 {[%emt 0:09:30]} 5. Bg2 {[%emt 0:01:48]} e6 6. d3 {[%emt 0:00:12]} Nge7 {[%emt 0:01:25]} 7. Nge2 {[%emt 0:00:42]} O-O {[%emt 0:07:38]} 8. O-O {[%emt 0:01:38]} d6 {[%emt 0:07:38]} 9. a3 {[%emt 0:05:10]} a5 {[%emt 0:08:27]} 10. Rb1 {[%emt 0:02:12]} Nd4 {[%emt 0:00:20]} 11. Nxd4 {[%emt 0:00:13]} cxd4 {[%emt 0:08:24]} 12. Nb5 {[%emt 0:18:27]} Bd7 {[%emt 0:04:29]} 13. Nxd6 Qb6 14. e5 {[%emt 0:01:22]} Bxe5 {[%emt 0:01:06]} 15. Ne4 f5 {[%emt 0:03:00]} 16. Nd2 {[%emt 0:00:51]} Bg7 {[%emt 0:10:56]} 17. f4 {[%emt 0:18:23]} Nc6 18. b4 axb4 {[%emt 0:02:43]} 19. axb4 {[%emt 0:00:46]} Qc7 {[%emt 0:01:49]} 20. b5 {[%emt 0:01:10]} Nd8 {[%emt 0:05:35]} 21. Nf3 {[%emt 0:09:42]} Nf7 22. Bb2 Qd6 {[%emt 0:03:34]} 23. Ra1 {[%emt 0:07:25]} Rfe8 {[%emt 0:04:30]} 24. Re1 {[%emt 0:07:46]} Rad8 {[%emt 0:03:14]} 25. Qb3 Bc8 26. Ba3 {[%emt 0:07:47]} Qc7 {[%emt 0:00:52]} 27. c5 {[%emt 0:02:08]} Kh8 28. Bb4 b6 {[%emt 0:03:05]} 29. cxb6 {[%emt 0:02:57]} Qb8 30. Nd2 {[%emt 0:02:12]} Qxb6 {[%emt 0:03:05]} 31. Ba5 Qb8 {[%emt 0:00:31]} 32. Bxd8 {[%emt 0:00:41]} Nxd8 {[%emt 0:00:03]} 33. Ra8 {[%emt 0:01:16]} Qc7 {[%emt 0:00:09]} 34. b6 1-0

[Event "SRB-chT 1st League Women 2018"]
[Site "Zajecar"]
[Date "2018.09.08"]
[Round "9"]
[White "Benderac, Ana"]
[Black "Rakic, Teodora"]
[Result "1-0"]
[WhiteElo "2239"]
[BlackElo "2052"]
[Annotator "ChessBase"]
[PlyCount "65"]
[EventDate "2018.08.31"]
[EventType "team-tourn"]
[EventCountry "SRB"]
[SourceTitle "playchess.com"]
[Source "ChessBase"]
[SourceQuality "1"]
[TimeControl "40/5400+30:1800+30"]

1. e4 {[%emt 0:00:00]} g6 {[%emt 0:00:00]} 2. d4 {[%emt 0:00:00]} Bg7 {[%emt 0:00:00]} 3. Nc3 {[%emt 0:00:00]} d6 {[%emt 0:00:00]} 4. Be3 {[%emt 0:00:09]} a6 {[%emt 0:00:00]} 5. Qd2 {[%emt 0:01:27]} b5 {[%emt 0:00:14]} 6. O-O-O {[%emt 0:01:57]} Nd7 {[%emt 0:00:30]} 7. f3 {[%emt 0:03:02]} Bb7 {[%emt 0:01:58]} 8. g4 {[%emt 0:00:58]} Nb6 {[%emt 0:06:54]} 9. Nh3 {[%emt 0:03:54]} c6 {[%emt 0:12:10]} 10. Nf4 {[%emt 0:03:09]} Nc4 {[%emt 0:15:17]} 11. Bxc4 {[%emt 0:00:24]} bxc4 {[%emt 0:00:01]} 12. Nb1 {[%emt 0:06:07]} a5 {[%emt 0:06:17]} 13. g5 {[%emt 0:06:35]} h5 {[%emt 0:15:28]} 14. d5 {[%emt 0:13:59]} c5 {[%emt 0:05:01]} 15. c3 {[%emt 0:02:06]} Qb6 {[%emt 0:02:32]} 16. Na3 {[%emt 0:02:07]} Ba6 {[%emt 0:01:14]} 17. Rhf1 {[%emt 0:08:38]} Rb8 {[%emt 0:09:59]} 18. Rf2 {[%emt 0:02:44]} Kd7 {[%emt 0:03:58]} 19. Qc2 {[%emt 0:05:38]} Kc7 {[%emt 0:06:23]} 20. Ng2 {[%emt 0:09:21]} Kb7 {[%emt 0:08:28]} 21. Qa4 {[%emt 0:02:48]} Ka7 {[%emt 0:01:51]} 22. Nxc4 {[%emt 0:03:01]} Bxc4 {[%emt 0:00:53]} 23. Qxc4 {[%emt 0:00:06]} Qb7 {[%emt 0:01:07]} 24. f4 {[%emt 0:02:33]} Qd7 {[%emt 0:00:28]} 25. Ne1 {[%emt 0:01:45]} e6 {[%emt 0:01:08]} 26. dxe6 {[%emt 0:00:49]} Qxe6 {[%emt 0:00:22]} 27. Qxe6 {[%emt 0:00:32]} fxe6 {[%emt 0:00:02]} 28. Rxd6 {[%emt 0:00:15]} Rb7 {[%emt 0:01:07]} 29. Bxc5+ {[%emt 0:00:23]} Kb8 {[%emt 0:00:02]} 30. Rxe6 {[%emt 0:00:36]} Kc8 {[%emt 0:00:31]} 31. Rd2 {[%emt 0:02:27]} Rc7 {[%emt 0:00:01]} 32. Ba3 {[%emt 0:00:16]} Kb7 {[%emt 0:00:03]} 33. Kc2 {[%emt 0:00:59]} 1-0